|
|
|
|
| LEADER |
00000naa2a2200000 4500 |
| 001 |
222700 |
| 005 |
20231225113614.0 |
| 035 |
|
|
|a (RuTPU)RU\TPU\book\242915
|
| 090 |
|
|
|a 222700
|
| 100 |
|
|
|a 20120927d2003 k y0rusy50 ca
|
| 101 |
0 |
|
|a rus
|
| 102 |
|
|
|a RU
|
| 200 |
1 |
|
|a Статус "проблемного" в современном научном знании
|f И. Б. Ардашкин
|
| 463 |
|
0 |
|0 (RuTPU)RU\TPU\book\118297
|t Актуальные проблемы гуманитарных наук
|o труды 2 Региональной научно-практической конференции студентов, аспирантов и молодых ученых, 15-18 апреля 2003, Томск
|f Томский политехнический университет
|v С. 164-167
|d 2003
|p 238 с.
|
| 610 |
1 |
|
|a труды учёных ТПУ
|
| 700 |
|
1 |
|a Ардашкин
|b И. Б.
|c философ
|c профессор Томского политехнического университета, доктор философских наук
|f 1972-
|g Игорь Борисович
|3 (RuTPU)RU\TPU\pers\25417
|9 11359
|
| 801 |
|
1 |
|a RU
|b 63413507
|c 20120927
|
| 801 |
|
2 |
|a RU
|b 63413507
|c 20121127
|g RCR
|
| 942 |
|
|
|c BK
|